01957nam a2200385 a 4500008004100000020001800041041000800059092002000067245007600087250013200163260005400295300002700349500011200376590003500488653004200523653003500565653003600600653004000636653006400676653003100740700003300771700003800804700002300842700002700865700003400892700002900926700004200955700003800997700003801035942001201073999001501085952012001100952013201220952021901352120322s2011 ag ||||f |||| 001 0 spa d a9789876041546 aspa c632.907l2sANG aClasificación y toxicología de plaguicidas /cOlga Liliana Anguiano a1a ed.bRevisores Susana Isabel García; Raúl Alsogaray; Edda Villamil; Carina Apartin; Damián Marino y Mirta Elena Ryczel aNeuquén [Neuquén ; Argentina]:bEDUCO;c2011. a390 p.bil.c24x17 cm. aAnguiano, O. L. et al. (2011). Clasificación y toxicología de plaguicidas. (1a ed.). Neuquén : EDUCO. aDonación autoras, Marzo 2012 aPrincipios básicos de toxicología aClasificación de plaguicidas aModo de acción de plaguicidas aDinámica ambiental de plaguicidas aEfectos adversos de los plaguicidas en organismos no blanco aResistencia a insecticidas1 aAnguiano, Olga Liliana916651 aMontagna, Cristina Mónica916661 aFerrari, Ana916671 aSoleño, Jimena916681 aLascano, Cecilia Inés916691 aLoewy, Miriam Ruth916701 aPechen de D'Angelo, Ana María916711 aMagnarelli, Gladis Griselda916721 aRovedatti, María Gabriela91673 2ddccBK c1026d1026 00102ddc4070aBFMbBFMcCRd2012-03-22l0o632.907 2 ANGp2481r2014-11-06tej.1w2012-03-22yBKzSede Tordos.f 00102ddc4070aBFMbBFMcCRd2012-03-22l1o632.907 2 ANGp2482r2014-11-06s2012-10-29tej.2w2012-03-22yBKzSede Tordos.f 00102ddc40708NFICaBFMbBFMcCRd2012-10-03eDonacion Dra. Gladis Magnarelli Octubre 2012l2o632.907 2 ANGp2621r2015-06-15s2015-06-12tej. 3w2012-10-03yBKzDonacion Dra. Gladis Magnarelli. Sede Tordos. f